00283nam a2200097Ia 4500008004100000041000800041100002400049245007200073260002100145999001900166241105s9999 xx 000 0 und d aeng aKale Aloka.9183850 aReinventing Transit Experience At Baiyyappanahalli Bengaluru India. bBNCA, Punec2019 c361828d361828